| 000 | 00825nam a22002417a 4500 | ||
|---|---|---|---|
| 003 | OSt | ||
| 005 | 20260601171015.0 | ||
| 008 | 260507b1994\\\\xxu\||||\||||\00|\0\eng\d | ||
| 020 | _a0875847404 | ||
| 040 |
_aICI _bspa _cICI |
||
| 041 | _aeng | ||
| 050 |
_aHD58.8 _bU77 |
||
| 100 | 1 |
_aUtterback, James M., _d1941- _eautor _933817 |
|
| 245 |
_aMastering the dynamics of innovation / _cJames M. Utterback |
||
| 264 |
_aBoston, Massachusetts : _bHarvard Business School, _cc1994 |
||
| 300 | _a253 páginas | ||
| 650 |
_aCambio organizacional _xAdministración _933818 |
||
| 650 |
_aAdministración industrial _933819 |
||
| 650 |
_aInnovaciones tecnológicas _xAdministración |
||
| 650 | _aPlanificación estratégica | ||
| 710 |
_aHarvard University, _bGraduate school of business administration, _933822 |
||
| 942 |
_2lcc _cB _n1 |
||
| 999 |
_c20663 _d20663 |
||